| 000 | 00758cam a22002533a 4500 | ||
|---|---|---|---|
| 001 | 7427 | ||
| 003 | PGUSA | ||
| 005 | 20140828083144.0 | ||
| 008 | 050201s2005||||xxu|||||s|||||000 | eng d | ||
| 040 |
_aPGUSA _beng |
||
| 042 | _adc | ||
| 050 | 4 | _aPN | |
| 100 | 1 |
_aPittenger, William, _d1840-1904 |
|
| 245 | 1 | 0 |
_aToasts and Forms of Public Address for Those Who Wish to Say the Right Thing in the Right Way _h[electronic resource] / _cWilliam Pittenger |
| 260 |
_bProject Gutenberg, _c2005 |
||
| 506 | _aPublic domain in the USA. | ||
| 516 | _aElectronic text | ||
| 653 | _aSpeeches, addresses, etc. | ||
| 653 | _aToasts | ||
| 653 | _aAnecdotes | ||
| 830 | 0 |
_aProject Gutenberg _v7427 |
|
| 856 | 4 | 0 | _uhttp://www.gutenberg.org/ebooks/7427 |
| 942 | _cEB | ||
| 999 |
_c236747 _d236747 |
||